000 00824nam a22002657a 4500
001 BR7906469
003 BR-BrBNA
005 20230928090152.0
007 ta
008 230509b bl.||||| |||| 00| 0 por d
040 _aBR-BrBNA
_bpor
_cBiblioteca Nacional de Agricultura
041 _a(Por)
072 _aF20
090 _ F20 BR7906469
100 1 _aMarcos, Z.Z.
110 1 _aFundacao Cargill, Campinas, SP (Brasil);
_0Tese (Mestrado)
110 1 _aEscola Superior de Agricultura Luiz de Queiroz, Piracicaba, SP (Brasil)
_0Tese (Mestrado)
245 1 _aEnsaio sobre epistemologia pedologica
260 3 _aPiracicaba, SP (Brasil):
_c1979.
300 _a119 p.
500 _aSummary (Eng, Por); Bibliography p. 111-119 (90 ref.)
650 _aPEDOLOGIA
909 _a202309
_bLucia
_c55
_dLucia Elande
942 _cBK
999 _c27998
_d27998